Stabilizácia kvalifikovaných zamestnancov v podniku

Stabilizácia kvalifikovaných zamestnancov ako dôležitý predpoklad zvládnutia úloh vo firme. Podstata problému stabilizácie zamestnancov. Potreby, ciele, záujmy a hodnoty zamestnanca. Zložky pracovného života. Odporúčaný postup pri riešení stabilizácie zamestnancov.

Guardado en:
Detalles Bibliográficos
Autor principal: Kika, Marián
Formato: Capítulo de libro
Lenguaje:eslovaco
Materias:
Etiquetas: Agregar Etiqueta
Sin Etiquetas, Sea el primero en etiquetar este registro!

MARC

LEADER 00000naa$a2200000$$$4500
001 0007957
005 20231003110455.1
041 0 |a slo 
044 |a SK 
245 1 0 |a Stabilizácia kvalifikovaných zamestnancov v podniku  |c aut. Marián Kika 
520 |a Stabilizácia kvalifikovaných zamestnancov ako dôležitý predpoklad zvládnutia úloh vo firme. Podstata problému stabilizácie zamestnancov. Potreby, ciele, záujmy a hodnoty zamestnanca. Zložky pracovného života. Odporúčaný postup pri riešení stabilizácie zamestnancov. 
610 2 0 |a stabilizácia pracovníkov 
610 2 0 |a podnik 
610 2 0 |a zdroje ľudské 
610 2 0 |a miesta pracovné 
610 2 0 |a trh práce 
100 1 |a Kika, Marián